| 000 | 01594nam a2200397 a 4500 | ||
|---|---|---|---|
| 001 | ebr10273451 | ||
| 003 | CaPaEBR | ||
| 006 | m u | ||
| 007 | cr cn||||||||| | ||
| 008 | 071012s2008 ncua sb s001 0 eng | ||
| 010 | _z 2007042150 | ||
| 020 | _z9780807832127 (cloth : alk. paper) | ||
| 020 | _z080783212X (cloth : alk. paper) | ||
| 020 | _z9780807858806 (pbk. : alk. paper) | ||
| 020 | _z0807858803 (pbk. : alk. paper) | ||
| 040 |
_aCaPaEBR _cCaPaEBR |
||
| 035 | _a(OCoLC)607098663 | ||
| 043 | _an-usu-- | ||
| 050 | 1 | 4 |
_aF209 _b.S733 2008eb |
| 082 | 0 | 4 |
_a975 _222 |
| 245 | 0 | 0 |
_aSouthern cultures _h[electronic resource] : _bthe fifteenth anniversary reader / _cedited by Harry L. Watson and Larry J. Griffin ; with Lisa Eveleigh ... [et al.]. |
| 260 |
_aChapel Hill : _bUniversity of North Carolina Press, _cc2008. |
||
| 300 |
_axvii, 507 p. : _bill. |
||
| 500 | _a"A Caravan book"--T.p. verso. | ||
| 504 | _aIncludes bibliographical references and index. | ||
| 533 |
_aElectronic reproduction. _bPalo Alto, Calif. : _cebrary, _d2013. _nAvailable via World Wide Web. _nAccess may be limited to ebrary affiliated libraries. |
||
| 651 | 0 |
_aSouthern States _xCivilization. |
|
| 651 | 0 |
_aSouthern States _xSocial life and customs. |
|
| 655 | 7 |
_aElectronic books. _2local |
|
| 700 | 1 | _aWatson, Harry L. | |
| 700 | 1 | _aGriffin, Larry J. | |
| 700 | 1 | _aEveleigh, Lisa. | |
| 710 | 2 | _aebrary, Inc. | |
| 730 | 0 | _aSouthern cultures. | |
| 856 | 4 | 0 |
_uhttp://site.ebrary.com/lib/rucke/Doc?id=10273451 _zAn electronic book accessible through the World Wide Web; click to view |
| 999 |
_c21758 _d21758 |
||